000
00308nam a22001217a 4500
999
_c
3008
_d
3008
005
20200925143239.0
008
200925b ||||| |||| 00| 0 eng d
020
_a
360001491
040
_c
CML
245
_a
The Return.
_c
Brown, J.A.
260
_a
Cape Town
_b
Purnell & Sons Ltd.
_c
1971
942
_2
ddc
_c
BK
_k
F
_m
BRO